| 000 | 00356 a2200157 4500 | ||
|---|---|---|---|
| 001 | 74991 | ||
| 020 | _a857472827-5 | ||
| 040 | _cAnchieta - Colégio São Paulo | ||
| 100 | _aMocellin, Renato | ||
| 240 | 1 | 0 |
_aNo tempo das reformas _lpor |
| 245 | 1 | 0 | _aNo tempo das reformas |
| 300 | _a85 | ||
| 362 | 0 | _a2000 | |
| 650 | 4 | _aHistória do mundo | |
| 942 | _cBK | ||
| 999 |
_c74991 _d74991 |
||